| 000 | 02146cam a22003378i 4500 | ||
|---|---|---|---|
| 999 |
_c16618 _d16618 |
||
| 001 | 21850967 | ||
| 005 | 20220302140143.0 | ||
| 008 | 201222t20212021nju b 001 0 eng c | ||
| 010 | _a 2020055831 | ||
| 020 | _a978-1-119-37110-6 | ||
| 040 |
_aMdU/DLC _beng _erda _cMdU |
||
| 042 | _apcc | ||
| 050 | 0 | 0 |
_aHG4028.A84 _b.L373 2021 |
| 082 | 0 | 0 |
_aDC 658.15224 _22021 _bL328 |
| 100 | 1 |
_aLarreur, Charles-Henri, _eauthor. _944285 |
|
| 245 | 1 | 0 |
_aStructured finance / _cCharles-Henri Larreur. |
| 260 |
_aChichester, United kingdom : _bJohn Wiley & Sons, _c©2021 |
||
| 263 | _a2104 | ||
| 300 |
_axxii, 375 pages : _billustrations ; _c25 cm. |
||
| 500 | _aPlace of publication from CIP data. | ||
| 504 | _aIncludes bibliographical references and index. | ||
| 520 | _a"Structured Finance is a textbook focusing on non-recourse financial techniques and asset-based lending. It explains the main structured finance techniques used today (LBO, project finance, asset finance and securitization) and how they compare. The book also outlines the reasons why these structures have been so successful in the last 30 to 40 years and why bankers came up with them in the first place. The book is a good introduction on these main financing techniques. It also allows the readers to take a step back by showing the similarities and the differences that exist between these four types of structured transactions. The appendices expose, in detail, the characteristics of financial instruments that can be found in all these transactions (such as Credit Default Swaps and Credit Linked Notes). The book will also include a presentation of the regulatory framework (Basel Accords) under which these transactions are now implemented"-- | ||
| 650 | 0 |
_aAsset-backed financing. _944286 |
|
| 650 | 0 |
_aLeveraged buyouts. _944287 |
|
| 710 | 2 |
_aJohn Wiley & Sons, Ltd., _epublisher. _944288 |
|
| 776 | 0 | 8 |
_iOnline version: _aLarreur, Charles-Henri. _tStructured finance _d[Hoboken, NJ] : Wiley, 2021 _z9781119371267 _w(DLC) 2020055832 |
| 365 |
_b4,500.00 _cPhp |
||
| 906 |
_a7 _bcbc _corignew _d1 _eecip _f20 _gy-gencatlg |
||
| 942 |
_2ddc _cDC |
||